000 00616nam a2200229Ia 4500
003 OSt
005 20221006144500.0
006 a|||||r|||| 00| 0
007 ta
008 221006b |||||||| |||| 00| 0 eng d
020 _c1.00
024 _a11,763
037 _cTextual
040 _aEASL
_cEASL
_beng
041 _2eng
_aeng
082 _aV41:192.N62, K3
245 0 _aIndia-China border dispute and the ommunist party of India
260 _aNew Delhi
_bCommunist Party Pub.
_c1963
300 _a122p.
_ccm.
942 _hV41:192.N62, K3
_cTEXL
_2CC
999 _c1079849
_d1079849